000 00404pab a2200169 454500
008 180718b2009 xxu||||| |||| 00| 0 eng d
100 _aMishra, Tapan Kumar
245 _aOrigin of species and Darwinian philosophy
260 _c2009
300 _ap.55-63.
362 _aMay-Jun
650 _aPhilosophy
650 _aDarwin, Charles
773 _aSocial Scientist
908 _aN
909 _a83224
999 _c83224
_d83224